Who Scored The Goal? (Fenerbahçe 22/23) European Matches - Statistics

General Stats
  • This quiz has been taken 39 times
  • The average score is 18 of 38
Answer Stats
Matches Scorer % Correct
Fenerbahçe - Rennes88' 3-3 Emre Mor
92%
Fenerbahçe - Dynamo Kyiv88' 1-1 Attila Szalai
83%
Rennes - Fenerbahçe90+2' 2-2 Enner Valencia
83%
Fenerbahçe - Rennes42' 1-3 Enner Valencia
79%
Fenerbahçe - Sevilla41' 1-0 Enner Valencia
79%
Rennes - Fenerbahçe60' 2-1 İrfan Can Kahveci
79%
Fenerbahçe - Dynamo Kyiv90+2' 2-1 Michy Batshuayi
79%
Fenerbahçe - Rennes82' 2-3 Miha Zajc
79%
Dynamo Kyiv - Fenerbahçe23' 0-1 Arda Güler
67%
Fenerbahçe - AEK Larnaca26' 1-0 Michy Batshuayi
67%
Fenerbahçe - Dynamo Kyiv35' 1-0 Gustavo Henrique
58%
Fenerbahçe - Slovacko81' 3-0 Lincoln
58%
Dynamo Kyiv - Fenerbahçe45+2' 0-2 Willian Arao
58%
Fenerbahçe - Slovacko45+2' 2-0 Lincoln
54%
Fenerbahçe - Rennes16' 0-2 Martin Terrier
54%
AEK Larnaca - Fenerbahçe80' 1-2 Michy Batshuayi
54%
AEK Larnaca - Fenerbahçe16' 0-1 Joao Pedro
50%
Fenerbahçe - Austria Wien44' 2-0 İrfan Can Kahveci
46%
Rennes - Fenerbahçe52' 1-0 Martin Terrier
42%
Fenerbahçe - Dynamo Kyiv114' 1-2 Oleksandr Karavaev
42%
Sevilla - Fenerbahçe85' 2-0 Erik Lamela
38%
Fenerbahçe - Austria Wien70' 3-1 İrfan Can Kahveci
38%
Fenerbahçe - Austria Wien12' 1-0 İsmail Yüksek
38%
Austria Wien - Fenerbahçe8' 0-1 Joshua King
38%
Fenerbahçe - Austria Wien79' 4-1 Mert Hakan Yandaş
38%
Slovacko - Fenerbahçe56' 0-1 Serdar Dursun
33%
Fenerbahçe - Rennes5' 0-1 Amine Gouiri
29%
Fenerbahçe - Slovacko17' 1-0 Emre Mor
29%
Austria Wien - Fenerbahçe89' 0-2 Serdar Dursun
29%
Sevilla - Fenerbahçe56' 1-0 Joan Jordan
25%
Rennes - Fenerbahçe54' 2-0 Lovro Majer
25%
Fenerbahçe - AEK Larnaca 79' 2-0 Rafael Mamas (OG)
25%
Fenerbahçe - Dynamo Kyiv63' 1-1 Viktor Tsygankov
25%
Fenerbahçe - Rennes30' 0-3 Amine Gouiri
21%
Fenerbahçe - Austria Wien45+1' 2-1 Marvin Martins
21%
Slovacko - Fenerbahçe58' 1-1 Ondrej Sasinka
21%
Fenerbahçe - Dynamo Kyiv57' 0-1 Vitaly Buyalskiy
21%
AEK Larnaca - Fenerbahçe52' 1-1 Ivan Trichkovski
13%
No matching quizzes found
Score Distribution
Percent of People with Each Score
Percentile by Number Answered
Your Score History
You have not taken this quiz